00225nam a22000977a 4500003000400000100001700004245004100021260004100062300000800103650001600111OSt aJUNEJA, M.M. aBhagat Singh Se Yuva Peeri Kya Sikhe aPanchkulabModern Publicationsc2019 a144 aGernal Book